Detalles MARC
| 000 -LEADER |
| fixed length control field |
02992nam a2200445Ii 4500 |
| 001 - CONTROL NUMBER |
| control field |
DIGCIDOB039 |
| 003 - CONTROL NUMBER IDENTIFIER |
| control field |
NyNyDIG |
| 006 - FIXED-LENGTH DATA ELEMENTS--ADDITIONAL MATERIAL CHARACTERISTICS |
| fixed length control field |
m o d |
| 007 - PHYSICAL DESCRIPTION FIXED FIELD--GENERAL INFORMATION |
| fixed length control field |
cr ||||||||||| |
| 008 - FIXED-LENGTH DATA ELEMENTS--GENERAL INFORMATION |
| fixed length control field |
131201s2010 sp ab ob 100 0 spa d |
| 020 ## - INTERNATIONAL STANDARD BOOK NUMBER |
| Canceled/invalid ISBN |
9788492511181 |
| 020 ## - INTERNATIONAL STANDARD BOOK NUMBER |
| Canceled/invalid ISBN |
8492511184 |
| 035 ## - SYSTEM CONTROL NUMBER |
| System control number |
(OCoLC)888261962 |
| 040 ## - CATALOGING SOURCE |
| Original cataloging agency |
DGITA |
| Language of cataloging |
eng |
| Description conventions |
pn |
| Transcribing agency |
DGITA |
| 043 ## - GEOGRAPHIC AREA CODE |
| Geographic area code |
e-sp--- |
| -- |
cl----- |
| 050 14 - LIBRARY OF CONGRESS CALL NUMBER |
| Classification number |
DP53.L38 eBook |
| 245 00 - TITLE STATEMENT |
| Title |
Inmigración latinoamericana en España |
| Medium |
[electronic resource] : |
| Remainder of title |
el estado de la investigación / |
| Statement of responsibility, etc. |
Anna Ayuso y Gemma Pinyol (eds.). |
| 264 #1 - PRODUCTION, PUBLICATION, DISTRIBUTION, MANUFACTURE, AND COPYRIGHT NOTICE |
| Place of production, publication, distribution, manufacture |
Barcelona : |
| Name of producer, publisher, distributor, manufacturer |
Fundació CIDOB : |
| -- |
Distribuido por Edicions Bellaterra, S.L., |
| Date of production, publication, distribution, manufacture, or copyright notice |
c2010. |
| 300 ## - PHYSICAL DESCRIPTION |
| Extent |
1 online resource (330 pages) : |
| Other physical details |
ill., maps. |
| 336 ## - CONTENT TYPE |
| Content type term |
text |
| Content type code |
txt |
| Source |
rdacontent |
| 337 ## - MEDIA TYPE |
| Media type term |
computer |
| Media type code |
c |
| Source |
rdamedia |
| 338 ## - CARRIER TYPE |
| Carrier type term |
online resource |
| Carrier type code |
cr |
| Source |
rdacarrier |
| 490 1# - SERIES STATEMENT |
| Series statement |
Interrogar la actualidad. Serie América Latina. |
| 504 ## - BIBLIOGRAPHY, ETC. NOTE |
| Bibliography, etc. note |
Includes bibliographical references. |
| 505 0# - FORMATTED CONTENTS NOTE |
| Formatted contents note |
Dinámicas migratorias y relaciones internacionales. Determinantes de la emigración : el caso español / José Antonio Alonso -- Cambios y desafíos en la migración internacional : el ejemploy de Iberoamérica / Jorge Martínez Pizarro -- Políticas migratorias y relaciones bilaterales España-América Latina / Sandra Gil Araujo -- Latinoamericanos en España : de la integración al retorno / Laura Tedesco -- |
| 505 0# - FORMATTED CONTENTS NOTE |
| Formatted contents note |
La inmigración latinoamericana en España : perspectivas geográfica y sectorial. El caso de la migración ecuatoriana en España / Renzo Stroscio -- Argentinos en España / Walter Actis -- La cultura política de los jóvenes inmigrantes latinoamericanos en España : el desarrollo cívico como indicador de su integración política / Pablo Biderbost -- Evolución de las prácticas transnacionales en El Salvador durante el período 2000-2006 y su incidencia en la promoción del codesarrollo y reducción de la pobreza de las comunidades de origen / Maria Carballo de la Riva y Rhina Cabezas Valencia -- |
| 505 0# - FORMATTED CONTENTS NOTE |
| Formatted contents note |
El estado de la investigación. Es estado de la investigación sobre las migraciones latinamericanas a España : perspectivas sociales y política / Andrés Tornos -- Estado de la investigación sobre las migraciones colombianas a España / Rosa Aparicio Gómez -- Inmigración latinoamericana en España : el estado de la investigación / Marieke Göttsch. |
| 651 #0 - SUBJECT ADDED ENTRY--GEOGRAPHIC NAME |
| Geographic name |
Spain |
| General subdivision |
Emigration and immigration |
| Form subdivision |
Congresses. |
| 651 #0 - SUBJECT ADDED ENTRY--GEOGRAPHIC NAME |
| Geographic name |
Latin America |
| General subdivision |
Emigration and immigration |
| Form subdivision |
Congresses. |
| 650 #0 - SUBJECT ADDED ENTRY--TOPICAL TERM |
| Topical term or geographic name entry element |
Latin Americans |
| Geographic subdivision |
Spain |
| Form subdivision |
Congresses. |
| 655 #0 - INDEX TERM--GENRE/FORM |
| Genre/form data or focus term |
Electronic books. |
| 700 1# - ADDED ENTRY--PERSONAL NAME |
| Personal name |
Ayuso, Anna. |
| 700 1# - ADDED ENTRY--PERSONAL NAME |
| Personal name |
Pinyol, Gemma. |
| 791 2# - |
| -- |
Digitalia (Firm), |
| -- |
distributor. |
| 793 0# - |
| -- |
Digitalia eBook Collection: |
| -- |
Fundació CIDOB |
| 830 #0 - SERIES ADDED ENTRY--UNIFORM TITLE |
| Uniform title |
Interrogar la actualidad. |
| Name of part/section of a work |
Serie América Latina. |
| 856 40 - ELECTRONIC LOCATION AND ACCESS |
| Materials specified |
Digitalia Hispánica |
| Uniform Resource Identifier |
<a href="https://www.digitaliapublishing.com/a/19590/">https://www.digitaliapublishing.com/a/19590/</a> |
| 910 ## - USER-OPTION DATA (OCLC) |
| User-option data |
Premium Collection: 2007-2012 |
| 942 ## - ADDED ENTRY ELEMENTS (KOHA) |
| Koha item type |
Recurso Electrónico |